عرض عادي
عرض مارك
- علاي، ستار جبار،
دخول Personal Name
001 - CONTROL NUMBER
- control field: 29868
003 - CONTROL NUMBER IDENTIFIER
- control field: AE-AdECS
005 - DATE AND TIME OF LATEST TRANSACTION
- control field: 20260511073614.0
008 - FIXED-LENGTH DATA ELEMENTS
- fixed length control field: 260511|| aca||aabn | a|a d
040 ## - CATALOGING SOURCE
- Original cataloging agency: AE-AdECS
- Transcribing agency: AE-AdECS
100 ## - HEADING--PERSONAL NAME
- Personal name: علاي، ستار جبار،
670 ## - SOURCE DATA FOUND
- Source citation: Work cat.: (AE-AdECS)295092: علاي، ستار جبار، مؤلف., التجربة الإيرانية :
